Welcome to Košice restaurants, cafes, pubs, night life, entertainment

Podrobná bibliografia
Médium: Časopis
Jazyk:slovenčina
angličtina
Vydavateľské údaje: Košice Enter Design s.r.o. 2014-
Predmet:

MARC

LEADER 00000cas a2200000 a 4500
001 vtls011425227
003 SK-MaSNL
005 20260228164415.0
008 151130c20149999xo r|p 0 0slo
040 |a SNK  |b slo  |c SNK  |e AACR2 
041 0 |a eng 
043 |a e-xo--- 
044 |a xo  |c SK 
072 7 |a 79  |x Rekreácia. Voľný čas. Zábavy. Hry. Šport  |2 konspekt 
072 7 |a 394  |x Verejný a spoločenský život. Každodenný život  |2 konspekt 
080 |a 79  |2 2011 
080 |a 394.1/.7  |2 2011 
080 |a (437.672)  |2 2011 
080 |a 050  |2 2011 
080 |a (051)+(054)(437.6)  |2 2011 
245 0 0 |a Welcome to Košice  |b restaurants, cafes, pubs, night life, entertainment 
246 |a Welcome in Košice 
260 |a Košice  |b Enter Design s.r.o.  |c 2014- 
310 |a Nepravidelne  |b 2017- 
321 |a 1x ročne  |b 2015-2016 
321 |a 2x ročne  |b 2014 
362 0 |a July/December 2014 ; vol. 2 (2015)-vol. 4 (may 2017) ; vol. 4, no. 2 (oct. 2017)- 
500 |a Evidenčné č.: EV 5018/14 
650 0 7 |a voľný čas  |2 SNKPH  |9 3355 
650 0 7 |a kultúrne podujatia  |2 SNKPH  |9 71676 
651 7 |a Košice (Slovensko)  |2 SNKPHgeo  |9 18694 
655 7 |a regionálne periodiká  |2 SNKPH  |9 131775 
910 |a snk 
999 |c 13489  |d 15419 
952 |0 0  |1 0  |4 0  |7 0  |8 0  |a SNK  |b SNK  |d 2021-06-23  |i snk2021/7578  |l 0  |o snkČSC 4180/3/2016  |p 17A1434524  |r 2026-02-21 19:53:07  |t č. 1  |w 2026-02-21  |y PREZ 
952 |0 0  |1 0  |4 0  |7 0  |8 0  |a SNK  |b SNK  |d 2021-06-23  |i snk2021/7581  |l 0  |o snkČSC 4180/4/2017  |p 17A1434525  |r 2026-02-21 19:53:07  |t č. 1-2  |w 2026-02-21  |y PREZ 
952 |0 0  |1 0  |4 0  |7 0  |8 0  |a SNK  |b SNK  |d 2021-06-23  |i snk2021/7583  |l 0  |o snkČSC 4180/5/2018  |p 17A1434526  |r 2026-02-21 19:53:07  |t č. 1-2  |w 2026-02-21  |y PREZ 
952 |0 0  |1 0  |4 0  |7 0  |8 0  |a SNK  |b SNK  |d 2021-06-23  |i snk2021/7585  |l 0  |o snkČSC 4180/6/2019  |p 17A1434527  |r 2026-02-21 19:53:07  |t č. 1-2  |w 2026-02-21  |y PREZ 
952 |0 0  |1 0  |4 0  |7 0  |8 0  |a SNK  |b SNK  |d 2021-06-23  |i snk2021/7587  |l 0  |o snkČSC 4180/7/2020  |p 17A1434528  |r 2026-02-21 19:53:07  |t č. 1  |w 2026-02-21  |y PREZ